| 000 | 01716 a2200205 4500 | ||
|---|---|---|---|
| 003 | Nust | ||
| 005 | 20240102132124.0 | ||
| 010 | _a 96001801 | ||
| 020 | _a0792396812 (hb : acid-free paper) | ||
| 040 | _cNust | ||
| 082 | 0 | 0 | _a004.65,HIG |
| 245 | 0 | 0 |
_aHigh-speed networking for multimedia applications / _cWolfgang Effelsberg ... [et al.]. |
| 260 |
_aBoston : _bKluwer Academic Publishers, _cc1996. |
||
| 300 |
_axii, 381 p. : _bill. ; _c25 cm. |
||
| 505 | _aEnd-To-End Communication Across Hybrid Networks (Page-1), Reduce Connection Awareness (Page-24), Is ATM a Continuity or a Discontinuity for the LAN Environment? (Page-45), On the Performance of Networks Carrying Multimedia Traffic (Page-61), The Server Array: A Scalable Video Server Architecture (Page-103), A Scalable Architecture for Multimedia Storage (Page-127), Aqua: An Adaptive End-System Quality of Service Architecture (Page-155), Quality of Service Support for Protocol Processing Within Endsystems (Page-179), High Performance Group Communication Services in ATM Networks (Page-199), Multimedia Transport Protocol and Multicast Communication (Page-225), PET - Priority Encoding Transmission (Page-247), Real-Time Communication in Shared-Medium High Speed LANs (Page-267), Batch Renewal Process: Exact Model of Traffic Correlation (Page-285), Residential Oriented Customer Premises Network Based on ATM Principles (Page-305), Voice-Data Integrated Channel Access for Microcellular Networks Using Splitting RRA Algorithms (Page-331), Wireless Access to High Speed Networks (Page-361). | ||
| 650 | 0 |
_aComputer networks. _93677 |
|
| 650 | 0 |
_aMultimedia systems. _936511 |
|
| 700 | 1 |
_aEffelsberg, Wolfgang. _9119821 |
|
| 942 |
_2ddc _cBK |
||
| 999 |
_c193314 _d193314 |
||